000
00260nam a22001217a 4500
008
181029b xxu||||| |||| 00| 0 eng d
041
_a
eng
080
_a
521
100
_a
42
101
_a
ARKE
245
_a
Journey into Space
_c
Atkinson, S
942
_2
udc
_c
BK
999
_c
51010
_d
51010